000 00663nam a2200229 a 4500
001 68205
003 BD-RjUL
005 20211209081737.0
008 170330r19721968ii a|||| |||| 001 0 eng d
020 _cIRs. 12.00
035 _a(BD-RjUL)68415
040 _aBD-RjUL
_beng
_cBD-RjUL
041 _aeng
082 _223
_a530.12
_bSTQ 1972
100 _aStrauss, Herbert L.
_9202189
245 _aQuantum mechanics :
_ban introduction /
_cHerbert L. Strauss
260 _aNew Delhi :
_bPrentice-hall India private ltd.,
_cc1968 [1972]
300 _ax, 192p. :
_bill. ;
_c24 cm.
500 _aIncludes index
650 _aQuantum theory
_9202190
942 _2ddc
_cBK
999 _c68205
_d68205